A class over time (geometry/spatial sense) (Record no. 124476)
[ view plain ]
| 000 -CABECERA | |
|---|---|
| campo de control de longitud fija | 00313nam a2200109 u 4500 |
| 005 - FECHA Y HORA DE LA ÚLTIMA TRANSACCIÓN | |
| campo de control | 20210219155806.0 |
| 008 - ELEMENTOS DE LONGITUD FIJA--INFORMACIÓN GENERAL | |
| campo de control de longitud fija | 070926s2004 r 000 0 eng d |
| 035 ## - NÚMERO DE CONTROL DEL SISTEMA | |
| Número de control de sistema | UPN01000152353 |
| 245 00 - MENCIÓN DE TÍTULO | |
| Título | A class over time (geometry/spatial sense) |
| Resto del título | / |
| Mención de responsabilidad, etc. | PBSMATHLINE. |
| 260 ## - PUBLICACIÓN, DISTRIBUCIÓN, ETC. | |
| Lugar de publicación, distribución, etc. | [S.l.] : |
| Nombre del editor, distribuidor, etc. | PBSMATHLINE, |
| Fecha de publicación, distribución, etc. | [s.a.]. |
| 905 ## - TIPO DE MATERIAL | |
| Tipo de material | Au |
| Estado de retiro | Estado de pérdida | Fuente del sistema de clasificación o colocación | Estado dañado | No para préstamo | Código de colección | Localización permanente | Ubicación/localización actual | Ubicación en estantería | Total de préstamos | Código de barras | Fecha visto por última vez | Número de copia | Tipo de ítem Koha |
|---|---|---|---|---|---|---|---|---|---|---|---|---|---|
| Library of Congress Classification | Audiovisuales | Bib. Gregorio Torres Quintero | Bib. Gregorio Torres Quintero | Audiovisual | 252034 | 31/12/2020 | 1 | Videocasete |
